000 00408ntaaa2200169 4500
003 01
005 20251027201901.0
008 0714s1973 ag 01
040 _aAR-BaBN
_bspa
_cAR-BaBN
_eaacr
_dRIC
082 _a231.0000 B54
100 _aBisio, Julian A.
_917356
245 _aGracia de Dios
250 _a1 ed. :
_bLibreria Editorial Cristiana,
_cc/960
300 _a47 p.
650 _aDios
942 _cBK
999 _c13544
_d13544